| 000 | 00680nam a22001817a 4500 | ||
|---|---|---|---|
| 005 | 20230616120453.0 | ||
| 008 | 230616b ||||| |||| 00| 0 eng d | ||
| 040 | _cAL | ||
| 041 | _amal | ||
| 082 |
_223 _a894.8128 _bPLAV |
||
| 100 |
_aSilviya Plath: സിൽവിയ പലത് _9124164 |
||
| 245 | _aVeettilekkulla Kathukal: വീട്ടിലേക്കുള്ള കാതുകൾ | ||
| 260 |
_aKozhikode _bOlive Publications Pvt Ltd _c2005 |
||
| 300 |
_a152p. _bPB _c21x14cm. |
||
| 650 |
_aMalayalam Letters: മലയാളം ലെറ്റേഴ്സ് _9124162 |
||
| 700 |
_aPLATH (Sylvia): പലത് (സിൽവിയ) _9124163 |
||
| 942 |
_2ddc _cDB |
||
| 999 |
_c227551 _d227551 |
||